书目信息 |
| 题名: |
中文Excel 2002 使用指南
|
|
| 作者: | 肖金秀 编著 | |
| 分册: | ||
| 出版信息: | 北京 冶金工业出版社 2002.02 |
|
| 页数: | 284页 | |
| 开本: | 26cm | |
| 丛书名: | ||
| 单 册: | ||
| 中图分类: | TP391.13 | |
| 科图分类: | ||
| 主题词: | 计算机应用 | |
| 电子资源: | ||
| ISBN: | 7-5024-2965-4 | |
| 000 | 00578nam0 2200193 45 | |
| 001 | 0439081196 | |
| 005 | 2004052010512120 | |
| 010 | @a7-5024-2965-4@dCNY 30.00 | |
| 100 | @a20040520d2002 km y0chiy0120 ea | |
| 101 | 0 | @achi |
| 102 | @aCN@b110000 | |
| 200 | 1 | @a中文Excel 2002 使用指南@Azhong wen Excel 2002 shi yong zhi nan@f肖金秀编著@Fxiao jin xiu bian zhu |
| 210 | @a北京@c冶金工业出版社@d2002.02 | |
| 215 | @a284页@d26cm | |
| 606 | 0 | @a计算机应用 |
| 690 | 1 | @aTP391.13@v4 |
| 701 | 0 | @a肖金秀@Axiao jin xiu@4编著 |
| 801 | 0 | @aCN@bPFT@c20040520 |
| 905 | @a10447@dTP391.13@eX2911 | |
| 中文Excel 2002 使用指南/肖金秀编著.-北京:冶金工业出版社,2002.02 |
| 284页;26cm |
| ISBN 7-5024-2965-4:CNY 30.00 |
| ● |
| 相关链接 |
|
|
|
正题名:中文Excel 2002 使用指南
索取号:TP391.13/X2911
 
预约/预借
| 序号 | 登录号 | 条形码 | 馆藏地/架位号 | 状态 | 备注 |
| 1 | 376165 | 203761651 | 自科二线504/504自科库 29排1列3层/ [索取号:TP391.13/X2911] | 在馆 | |
| 2 | 376166 | 203761660 | 自科二线504/301自科库 61排2列3层/ [索取号:TP391.13/X2911] | 在馆 |